NCAA D1 FBS Logos (All 136 teams) - Statistics

General Stats
  • This quiz has been taken 6,211 times
    5,344 since last reset
  • The average score is 109 of 136
Answer Stats
Picture Answer % Correct
California Los Angeles
99%
Kentucky
96%
Minnesota
96%
Georgia
93%
Mississippi
93%
Texas
93%
Duke
92%
Iowa
92%
Oklahoma
92%
Virginia
92%
Bowling Green
91%
North Carolina
91%
Stanford
91%
Syracuse
91%
West Virginia
91%
Kansas
90%
Louisiana Tech
90%
Michigan
90%
NC State
90%
Ohio State
90%
Purdue
90%
Southern Methodist
90%
Texas Tech
90%
Utah State
90%
Indiana
89%
Temple
89%
Louisville
88%
Miami (FL)
88%
Rice
88%
Wyoming
88%
Arizona
87%
Arizona State
87%
Boston College
87%
Brigham Young
87%
California
87%
Iowa State
87%
Louisiana-Monroe
87%
Southern California
87%
Colorado
86%
Connecticut
86%
Florida Atlantic
86%
Missouri
86%
Pittsburgh
86%
South Carolina
86%
Texas Christian
86%
Wake Forest
86%
Hawai'i
85%
Memphis
85%
Wisconsin
85%
Air Force
84%
Alabama Birmingham
84%
Arkansas
84%
Central Michigan
84%
Florida State
84%
Liberty
84%
Maryland
84%
South Florida
84%
East Carolina
83%
James Madison
83%
Oregon State
83%
Penn State
83%
San Jose State
83%
Toledo
83%
Western Kentucky
83%
Buffalo
82%
Cincinnati
82%
Clemson
82%
Eastern Michigan
82%
Georgia Tech
82%
Louisiana State
82%
Vanderbilt
82%
Auburn
81%
Ball State
81%
Jacksonville State
81%
Navy
81%
Northern Illinois
81%
Utah
81%
Washington
81%
Western Michigan
81%
Houston
80%
Nebraska
80%
Northwestern
80%
Notre Dame
80%
San Diego State
80%
New Mexico
79%
Tennessee
79%
Florida
78%
Illinois
78%
Mississippi State
78%
Virginia Tech
78%
Alabama
77%
Oregon
77%
Georgia Southern
76%
Massachusetts
76%
North Texas
76%
Tulane
75%
Baylor
74%
Army
73%
Coastal Carolina
73%
Fresno State
73%
Michigan State
73%
Troy
73%
Akron
72%
Colorado State
72%
Texas A&M
72%
Texas State
72%
Washington State
72%
Central Florida
71%
Kansas State
71%
Kent State
71%
Marshall
71%
Rutgers
71%
Appalachian State
70%
Boise State
70%
Delaware
70%
Old Dominion
70%
South Alabama
70%
New Mexico State
69%
Southern Miss
69%
Miami (OH)
68%
Nevada
68%
Oklahoma State
67%
Middle Tennessee State
66%
Charlotte
65%
Florida International
65%
Georgia State
65%
Texas El Paso
65%
Missouri State
62%
Sam Houston State
62%
Texas San Antonio
62%
Kennesaw State
61%
Louisiana
59%
Arkansas State
57%
Ohio
55%
Tulsa
47%
Nevada Las Vegas
43%
No matching quizzes found
Score Distribution
Percent of People with Each Score
Percentile by Number Answered
Your Score History
You have not taken this quiz since the last reset